000 00822nas a2200265 4500
001 BR0707314
003 BR-BrBNA
005 20231205111352.0
007 ta
008 230509b bl.|||p| |||| 00| 00por d
040 _aBR-BrBNA
_bpor
_cBiblioteca Nacional de Agricultura
041 _a(Pt)
072 _aL40; L73
100 1 _aFigueiredo, L.M.A.
100 1 _aIamaguti, P.
100 1 _aBandarra, E.P.
100 1 _aSequeira, J.L.
245 1 _aEstudo anátomo-imuno-histopatológico e ultra-estrutural das glomerulonefrites em cães
650 _aCÃO
650 _aDOENÇA ANIMAL
650 _aLESÃO
773 0 _tVeterinária e Zootecnia - Universidade Estadual Paulista (Brazil)
_xISSN 0102-5716
_g(1994), v. 6 p. 65-76
_wBR0707314
909 _a202311
_bLúcia
_c55
_dLúcia Elande
942 _2AGRIS
_n0
_cANA
999 _c192310
_d192310